Famous Croatian and Slovenian People - Statistics

General Stats
  • This quiz has been taken 148 times
  • The average score is 8 of 20
Answer Stats
Hint Answer % Correct
Former model and U.S. first lady Melanie Trump
87%
Yugoslavian dictator(half Croatian, half Slovene) Josip Broz Tito
85%
Footballer who won theBallon d'Or in 2018 Luka Modrić
80%
NBA star from the Mavericks Luka Dončić
61%
Atlético Madrid goalkeeper Jan Oblak
52%
First president of Croatia Franjo Tuđman
43%
Won Wimbledon as a wild card Goran Ivanišević
39%
Alpine skier who won two gold medals in Sochi in 2014 (hint: last name = "labyrinth") Tina Maze
39%
Singer of "Royals" Lorde
36%
NBA player called "The Dragon" Goran Dragić
32%
Classical musical duo of Luka Šulic and Stjepan Hauser 2Cellos
31%
3-times Tour de France winner Tadej Pogačar
31%
Post-Marxist philosopher dubbedthe "Elvis of cultural theory" Slavoj Žižek
29%
Pope who founded theCatholic Church in Croatia Pope {John} IV
28%
He Joined the Chicago Bulls in 1993 Toni Kukoč
27%
The "American Polka King", no relation to Weird Al Frankie Yankovic
25%
This former Slovene president isNOT Erdoğan's countryman, despite what his last name says Danilo Türk
24%
2014 US Open tennis champion Marin Čilić
24%
Captain of NHL's LA Kings Anže Kopitar
21%
Sculptor who made severalstatues of Winston Churchill Oscar Nemon
2%
No matching quizzes found
Score Distribution
Percent of People with Each Score
Percentile by Number Answered
Your Score History
You have not taken this quiz